000 00650nam a2200217 a 4500
001 BRCA_5887
005 20190320205243.0
008 170311s1913----gw-ab#####---#000-0#ger-#
041 _ager
044 _agw
050 4 _aPC5075 G3
_b.E9
_c1913
100 1 _aEy Louise.
_d1854-1936.
_914888
245 1 0 _aMetoula-Sprachführer: Portugiesisch.
260 _aSchöneberg, Berlin.
_bLangenscheidstche Buchdruckerel.
_c1913
300 _a200 p.
_bil., maps.
_c14 cm.
500 _aMapa de sudamérica, mapa de españa y Portugal, mapa de Lissabon.
500 _aH128
650 1 4 _aIdioma Portugues
_zAlemania
_914889
902 _aGFM
942 _2lcc
_cB
999 _c5576
_d5576